Подробности
| 000 -МАРКЕР |
| контрольное поле |
02160nam2a2200289 4500 |
| 001 - ИДЕНТИФИКАТОР ЗАПИСИ |
| контрольное поле |
RU\NLR\BIBL_A\022127445 |
| 005 - ИДЕНТИФИКАТОР ВЕРСИИ |
| контрольное поле |
20240613162657.0 |
| 010 ## - МЕЖДУНАРОДНЫЙ СТАНДАРТНЫЙ НОМЕР КНИГИ (ISBN) |
| Номер (ISBN) |
978-5-9275-4428-8 |
| Уточнения |
ч. 2 |
| Тираж |
30 |
| 021 ## - НОМЕР ГОСУДАРСТВЕННОЙ РЕГИСТРАЦИИ |
| Код страны |
Российская Федерация |
| Номер |
КН-П-23-079398 |
| Номер Листа государственной регистраци |
КН-П-23-8028 |
| 035 ## - ДРУГИЕ СИСТЕМНЫЕ НОМЕРА |
| Идентификатор записи |
(NLR Aleph) 022127445 |
| 035 ## - ДРУГИЕ СИСТЕМНЫЕ НОМЕРА |
| Идентификатор записи |
(RuMoRGB)012441313 |
| 100 ## - ДАННЫЕ ОБЩЕЙ ОБРАБОТКИ |
| Данные общей обработки |
20240206d2023 u y0rusy50 ca |
| 101 0# - ЯЗЫК РЕСУРСА |
| Язык текста, звукозаписи и т.д. |
русский |
| 102 ## - СТРАНА ПУБЛИКАЦИИ ИЛИ ПРОИЗВОДСТВА |
| Страна публикации |
Российская Федерация |
| 105 ## - ПОЛЕ КОДИРОВАННЫХ ДАННЫХ: ТЕКСТОВЫЕ МАТЕРИАЛЫ, МОНОГРАФИЧЕСКИЕ |
| Кодированные данные о монографическом текстовом документе |
a j 000yy |
| 200 0# - ЗАГЛАВИЕ И СВЕДЕНИЯ ОБ ОТВЕТСТВЕННОСТИ |
| Основное заглавие |
Ч. 2 |
| Первые сведения об ответственности |
В. М. Глушань, О. Р. Норкин, С. С. Парфенова |
| 210 ## - ПУБЛИКАЦИЯ, РАСПРОСТРАНЕНИЕ И ДР. |
| Дата издания, распространения и т.д. |
2023 |
| 215 ## - ФИЗИЧЕСКАЯ ХАРАКТЕРИСТИКА |
| Специфическое обозначение материала и объем |
126, [1] с. |
| Другие сведения о физической характеристике |
ил., табл. |
| 320 ## - ПРИМЕЧАНИЯ О НАЛИЧИИ В ДОКУМЕНТЕ БИБЛИОГРАФИИ / УКАЗАТЕЛЯ |
| Текст примечания |
Библиогр.: с. 124-127 (49 назв.) и в подстроч. примеч. |
| 461 #0 - УРОВЕНЬ НАБОРА |
| Встроенное поле |
001RU\NLR\BIBL_A\016226524 |
| -- |
2001#$aОсновы системного анализа$eучебное пособие$eпо направлению "Информатика и вычислительная техника" (09.06.01)$eв двух частях$fВ. М. Глушань$gМинистерство науки и высшего образования Российской Федерации, Федеральное государственное автономное образовательное учреждение высшего образования "Южный федеральный университет", Инженерно-технологическая академия$vЧ. 2 |
| -- |
700#1$aГлушань$bВ. М.$gВалентин Михайлович |
| Системный номер (АБИС) связанной записи |
12754270 |
| Автор |
Глушань, В. М. |
| Место публикации |
Ростов-на-Дону |
| Дата публикации |
2022 |
| Первые сведения об ответственности |
В. М. Глушань |
| Имя издателя, распространителя и т.д. |
Изд-во Южного федерального университета |
| Сведения, относящиеся к заглавию |
учебное пособие : по направлению "Информатика и вычислительная техника" (09.06.01) : в двух частях |
| Заглавие |
Основы системного анализа |
| ISBN |
9785927541119 |
| Номер тома |
Ч. 2 |
| 701 #1 - ИМЯ ЛИЦА - АЛЬТЕРНАТИВНАЯ ОТВЕТСТВЕННОСТЬ |
| Начальный элемент ввода |
Норкин |
| Часть имени, кроме начального элемента ввода |
О. Р. |
| Расширение инициалов личного имени |
Олег Рауфатович |
| 701 #1 - ИМЯ ЛИЦА - АЛЬТЕРНАТИВНАЯ ОТВЕТСТВЕННОСТЬ |
| Начальный элемент ввода |
Парфенова |
| Часть имени, кроме начального элемента ввода |
С. С. |
| Расширение инициалов личного имени |
Светлана Саркисовна |
| 942 ## - ДОПОЛНИТЕЛЬНЫЕ ЭЛЕМЕНТЫ ЗАПИСИ (АБИС) |
| Тип экземпляра АБИС |
Книга |
| 980 ## - КОЛЛЕКЦИЯ |
| Название коллекции |
Национальная библиография |